000 00491nam a2200205Ia 4500
003 OSt
005 20140425133751.0
008 140130s9999 xx 000 0 und d
020 _a0516268201
050 _aPZ 7
_b.F73576Ru 2004
100 _aFontes, Justine
245 _cJustine Fontes
_aRude ralph /
260 _bScholastic,
_c2004.
_aNew York :
300 _a31 p. :
_bcol. ill. ;
_c18 cm.
440 _v1
521 _aG1
526 _c170
942 _cBK
_2lcc
999 _c39915
_d39915